Стратегическое управление: учебник

Dettagli Bibliografici
Autore principale: Виханский О. С. Олег Самуилович
Riassunto:Стратегическое управление, рассматриваемое как деятельность высшего руководства по управлению организацией в конкурентной рыночной среде, является важнейшей составляющей жизни современной деловой организации. В учебнике освещается реализация стратегического управления, выработка и осуществление стратегии в трех ключевых сферах: сфере развития и поведения во внешней среде, сфере создаваемого продукта, сфере персонала организации.Для студентов вузов, слушателей бизнес-школ. Будет полезен руководителям организаций.
Lingua:russo
Pubblicazione: Москва, Экономистъ, 2008
Edizione:2-е изд., перераб. и доп.
Soggetti:
Natura: Libro
KOHA link:https://koha.lib.tpu.ru/cgi-bin/koha/opac-detail.pl?biblionumber=120291

MARC

LEADER 00000nam0a2200000 4500
001 120291
005 20231031124932.0
010 |a 9785981180552 
035 |a (RuTPU)RU\TPU\book\130245 
090 |a 120291 
100 |a 20030702d2008 m y0rusy50 ca 
101 0 |a rus 
102 |a RU 
105 |a y j 001zy 
200 1 |a Стратегическое управление  |e учебник  |f О. С. Виханский 
205 |a 2-е изд., перераб. и доп. 
210 |a Москва  |c Экономистъ  |d 2008 
215 |a 296 с. 
320 |a Библиогр.: с. 292. 
330 |a Стратегическое управление, рассматриваемое как деятельность высшего руководства по управлению организацией в конкурентной рыночной среде, является важнейшей составляющей жизни современной деловой организации. В учебнике освещается реализация стратегического управления, выработка и осуществление стратегии в трех ключевых сферах: сфере развития и поведения во внешней среде, сфере создаваемого продукта, сфере персонала организации.Для студентов вузов, слушателей бизнес-школ. Будет полезен руководителям организаций. 
451 1 |0 (RuTPU)RU\TPU\book\56835  |y 5-8297-0021-2  |t Стратегическое управление  |o учебник  |f О. С. Виханский  |e 2-е изд., перераб. и доп.  |c М.  |n Гардарики  |d 2000  |p 294 с.  |a Виханский, Олег Самуилович 
610 1 |a экономика 
610 1 |a управление 
610 1 |a менеджмент 
610 1 |a стратегическое управление 
610 1 |a организации 
610 1 |a фирмы 
610 1 |a стратегия 
610 1 |a продуктовая стратегия 
610 1 |a личность 
610 1 |a кадры 
610 1 |a индивиды 
610 1 |a группы 
610 1 |a учебники 
686 |a У9(2)212я73  |v LBC/SL-A  |2 rubbk 
700 1 |a Виханский  |b О. С.  |g Олег Самуилович 
801 1 |a RU  |b 63413507  |c 20070824  |g PSBO 
801 2 |a RU  |b 63413507  |c 20150825  |g PSBO 
900 |a Стратегический менеджмент 
942 |c BK 
952 |a 521500  |b 080500 
959 |a 48/20070816  |d 2  |e 126,70  |f АНЛ:1  |f ЧЗГЛ:1 
959 |a 47/20080428  |d 3  |e 122,10  |f АНЛ:2  |f ЧЗГЛ:1